Principios de la democracia para la educación de los ciudadanos.

Uloženo v:
Podrobná bibliografie
Hlavní autor: Patrick, John L. (autor)
Médium: Neznámo
Jazyk:španělština
Témata:
On-line přístup:Ver documento en línea
Tagy: Přidat tag
Žádné tagy, Buďte první, kdo vytvoří štítek k tomuto záznamu!

MARC

LEADER 00000c**#a2200000ua#4500
001 000502654
003 DLC
005 20260411000000.0
008 070831c^^^^9999^^^^r1^^^^^^^^0^^^^0spa^d
009 20260411194144.039
022 |a 01851284 
035 |a FCE 000046847 
037 |a Acervo ITESO - Biblioteca 
041 |a spa 
095 |a RLEE  |b 97-1-2-165. 
100 |a Patrick, John L.  |e (autor) 
245 1 0 |a Principios de la democracia para la educación de los ciudadanos. 
264 |a México :  |b Centro de Estudios Educativos,  |c 1997. 
336 |a texto  |b txt  |2 rdacontenido 
337 |a sin mediación  |b n  |2 rdamedio 
338 |a volumen  |b nc  |2 rdasoporte 
596 |a En este artículo se habla de la construcción de la democracia desde la experiencia de expertos estadounidenses en la materia y su práctica concreta, como consultores y asesores, en algunos países postcomunistas como Polonia y Estonia, Letonia, Rumania y la República Checa. Se realiza un análisis de los resabios del comunismo y la viabilidad de la democracia en estos países. Se parte del concepto de democracia liberal, que engloba las prácticas democráticas de los Estados Unidos. Este concepto sugiere un gobierno estrictamente restringido por una legislación operativa, con el propósito primario de asegurar la libertad y otros derechos de los individuos. Se diferencia de otras formas de democracia, como la social y la populista, en que éstas, de alguna manera, limitan las libertades individuales y sociales. Este concepto de democracia se construye a partir de tres premisas: constitucionalidad, sociedad civil y economía de mercado. La educación ciudadana se convierte en prioridad en la agenda de la democracia. 
649 |a XX 
650 |a Democracia 
650 |a Ensayo 
650 |a Educación cívica 
650 |a Experiencia educativa 
650 |a Comunismo 
650 |a Educación para la democracia 
650 |a Europa 
740 |g vol. 27, no. 1-2, 1997, pp. 165-201.  |t Revista Latinoamericana de Estudios Educativos. Artículos y ensayos, 
856 4 0 |u https://www.cee.edu.mx/rlee/revista/r1991_2000/r_texto/t_1997_1-2_06.pdf  |y Ver documento en línea 
910 |a Fondo Centro de Estudios Educativos 
920 |a Impresos - Libros 
930 |a Fondos Especiales 
905 |a 133 
902 |a https://opac.biblio.iteso.mx/vufind/Record/000502654